| 000 | 00996nam a2200289Ia 4500 | ||
|---|---|---|---|
| 003 | OSt | ||
| 005 | 20221006154833.0 | ||
| 006 | a|||||r|||| 00| 0 | ||
| 007 | ta | ||
| 008 | 221006b |||||||| |||| 00| 0 eng d | ||
| 020 |
_a9788988095904 _c _23.00 (each) |
||
| 024 | _a39,419 | ||
| 037 |
_bGift, Korean Embassy (Window on Korea) _cTextual |
||
| 040 |
_aEASL _cEASL _beng |
||
| 041 |
_2eng _aeng |
||
| 082 | _aV495:1973, P6 | ||
| 100 |
_aYoung Ick Lew _9667721 |
||
| 245 | 0 |
_aKorean perceptions of the United States _b A history of their origins and formation |
|
| 260 |
_aSeoul _bJimoondang Korea _c2006 |
||
| 300 |
_axvi,376p. _ccm. |
||
| 490 |
_v KEL _aAsan Foundation translation series No. 1 |
||
| 650 | _a KEL | ||
| 650 |
_aKorea - Foreign relations - United States _9653618 |
||
| 700 |
_a Finch Michael Tr. _9667722 |
||
| 942 |
_hV495:1973, P6 _cTEXL _2CC |
||
| 999 |
_c1107505 _d1107505 |
||